00373nam a2200157Ia 4500008004100000020001800041041000800059082001600067100001400083245002200097250001100119260004200130300001000172500001800182650001500200260520s2025 xx 000 0 und d a9789370607385 aeng a658.872/DWE aDwesar, R aDigital Marketing a1st ed aNEW DELHIbWiley India pvt Litdc2025 a647p. aCat No: 15115 aMANAGEMENT